<?xml version="1.0" encoding="UTF-8"?>
<record
    xmlns:xsi="http://www.w3.org/2001/XMLSchema-instance"
    xsi:schemaLocation="http://www.loc.gov/MARC21/slim http://www.loc.gov/standards/marcxml/schema/MARC21slim.xsd"
    xmlns="http://www.loc.gov/MARC21/slim">

  <leader>02925nam a22004457u 4500</leader>
  <controlfield tag="001">pwiiw7526</controlfield>
  <controlfield tag="003">OSt</controlfield>
  <controlfield tag="005">20260517120133.0</controlfield>
  <controlfield tag="008">260220t2026    au ||||| |||| 00| ||eng d</controlfield>
  <datafield tag="040" ind1=" " ind2=" ">
    <subfield code="c">OSt</subfield>
  </datafield>
  <datafield tag="041" ind1=" " ind2=" ">
    <subfield code="a">eng</subfield>
  </datafield>
  <datafield tag="084" ind1=" " ind2=" ">
    <subfield code="a">F13</subfield>
    <subfield code="a">F15</subfield>
    <subfield code="a">F51</subfield>
    <subfield code="a">Q41</subfield>
    <subfield code="a">Q48</subfield>
    <subfield code="a">O53</subfield>
    <subfield code="2">jelc</subfield>
  </datafield>
  <datafield tag="100" ind1="1" ind2=" ">
    <subfield code="a">Felbermayr, Gabriel</subfield>
  </datafield>
  <datafield tag="245" ind1="1" ind2="0">
    <subfield code="a">Economic implications for Europe of a potential reintegration of Iran into the world economy</subfield>
  </datafield>
  <datafield tag="260" ind1=" " ind2=" ">
    <subfield code="a">Wien :</subfield>
    <subfield code="b">Wiener Institut f&#xFC;r Internationale Wirtschaftsvergleiche (wiiw),</subfield>
    <subfield code="c">2026.</subfield>
  </datafield>
  <datafield tag="300" ind1=" " ind2=" ">
    <subfield code="a">72 S., </subfield>
    <subfield code="b">7 Tables and 20 Figures,</subfield>
    <subfield code="c">30cm.</subfield>
  </datafield>
  <datafield tag="490" ind1="1" ind2=" ">
    <subfield code="a">wiiw Research Reports</subfield>
    <subfield code="v">481</subfield>
  </datafield>
  <datafield tag="520" ind1=" " ind2=" ">
    <subfield code="a">How would fundamental political change in Iran, leading to a democratic system with a free and rules-based economic order, affect Germany and the EU economically? In the event of change, sanctions could be scaled back, allowing Iran to rejoin the global economy. This study quantifies the economic effects of such a transformation. It neither advocates for nor legitimises the lifting or easing of sanctions under the current regime or without far-reaching and credible reforms that fully address the concerns underlying the sanctions currently in place.

Using the newest available data and quantitative methods, the results indicate that lifting EU sanctions alone could raise Iran&#x2019;s real GDP by more than 80% in the long run while generating moderate but economically meaningful gains for Germany and the EU of around 0.3-0.4% of GDP. These gains are driven by expanded trade, lower energy and input prices, and improved allocative efficiency. When sanctions removal is combined with plausible scenarios of productivity catch-up with Turkey or South Korea, Iran&#x2019;s GDP would increase by 240-388% and the gains for Europe would increase further, underscoring the strong complementarity between trade integration and productivity growth. Moreover, Iran&#x2019;s reintegration would reduce energy price volatility, improve the security of maritime trade routes, and lower migration pressures.

Overall, the findings suggest that a negotiated transition and rules-based reintegration of Iran would generate substantial mutual economic benefits while contributing to regional and global stability.
</subfield>
  </datafield>
  <datafield tag="650" ind1=" " ind2=" ">
    <subfield code="a">Iran</subfield>
  </datafield>
  <datafield tag="650" ind1=" " ind2=" ">
    <subfield code="a">economic sanctions</subfield>
  </datafield>
  <datafield tag="650" ind1=" " ind2=" ">
    <subfield code="a">regime transition</subfield>
  </datafield>
  <datafield tag="650" ind1=" " ind2=" ">
    <subfield code="a">trade integration</subfield>
  </datafield>
  <datafield tag="650" ind1=" " ind2=" ">
    <subfield code="a">energy markets</subfield>
  </datafield>
  <datafield tag="650" ind1=" " ind2=" ">
    <subfield code="a">oil and gas prices</subfield>
  </datafield>
  <datafield tag="650" ind1=" " ind2=" ">
    <subfield code="a">foreign direct investment</subfield>
  </datafield>
  <datafield tag="650" ind1=" " ind2=" ">
    <subfield code="a">European Union</subfield>
  </datafield>
  <datafield tag="650" ind1=" " ind2=" ">
    <subfield code="a">inflation</subfield>
  </datafield>
  <datafield tag="650" ind1=" " ind2=" ">
    <subfield code="a">political economy</subfield>
  </datafield>
  <datafield tag="651" ind1=" " ind2=" ">
    <subfield code="a">European Union</subfield>
  </datafield>
  <datafield tag="651" ind1=" " ind2=" ">
    <subfield code="a">Germany</subfield>
  </datafield>
  <datafield tag="651" ind1=" " ind2=" ">
    <subfield code="a">Iran</subfield>
  </datafield>
  <datafield tag="690" ind1=" " ind2=" ">
    <subfield code="a">International Trade, Competitiveness and FDI</subfield>
  </datafield>
  <datafield tag="700" ind1="1" ind2=" ">
    <subfield code="a">Ghodsi, Mahdi</subfield>
  </datafield>
  <datafield tag="700" ind1="1" ind2=" ">
    <subfield code="a">Stehrer, Robert</subfield>
    <subfield code="9">5</subfield>
  </datafield>
  <datafield tag="700" ind1="1" ind2=" ">
    <subfield code="a">Yotov, Yoto V.</subfield>
  </datafield>
  <datafield tag="700" ind1="1" ind2=" ">
    <subfield code="a">Kariem, Heider</subfield>
  </datafield>
  <datafield tag="830" ind1=" " ind2="0">
    <subfield code="v">481</subfield>
    <subfield code="w">WIIW0000048</subfield>
    <subfield code="t">wiiw Research Reports</subfield>
  </datafield>
  <datafield tag="856" ind1="4" ind2="0">
    <subfield code="u">https://wiiw.ac.at/p-7526.html</subfield>
  </datafield>
  <datafield tag="942" ind1=" " ind2=" ">
    <subfield code="c">P</subfield>
  </datafield>
  <datafield tag="999" ind1=" " ind2=" ">
    <subfield code="c">9157</subfield>
    <subfield code="d">9157</subfield>
  </datafield>
  <datafield tag="952" ind1=" " ind2=" ">
    <subfield code="0">0</subfield>
    <subfield code="1">0</subfield>
    <subfield code="4">0</subfield>
    <subfield code="7">0</subfield>
    <subfield code="a">BIB</subfield>
    <subfield code="b">BIB</subfield>
    <subfield code="c">1</subfield>
    <subfield code="d">2026-02-20</subfield>
    <subfield code="i">pwiiw7526</subfield>
    <subfield code="l">0</subfield>
    <subfield code="o">5.600/481</subfield>
    <subfield code="p">1000010007526</subfield>
    <subfield code="r">2026-02-20 00:00:00</subfield>
    <subfield code="w">2026-02-20</subfield>
    <subfield code="y">P</subfield>
  </datafield>
</record>
